Countries With Most Dangerous Roads - Statistics

General Stats
  • This quiz has been taken 1,583 times
  • The average score is 9 of 19
Answer Stats
Country % Correct
United States
93%
China
91%
India
90%
Russia
86%
Brazil
79%
Japan
65%
Egypt
58%
South Africa
58%
South Korea
45%
Afghanistan
39%
Poland
36%
Malaysia
32%
Romania
32%
Bulgaria
28%
Hungary
24%
Slovakia
24%
United Arab Emirates
19%
Latvia
17%
Czech Republic
14%
No matching quizzes found
Score Distribution
Percent of People with Each Score
Percentile by Number Answered
Your Score History
You have not taken this quiz